04458nam a2200277 i 4500001001000000003000900010005001700019007000300036008004100039040003000080041000800110082002900118100004700147245013600194250002200330264004900352300002800401336002800429337003300457338002800490504003300518505352700551650001604078650005004094651003604144000027957DO-SdBNP20250911092007.0ta110405s1969 dr 000 0 spa d aDO-SdBNPbspacBNPHUerda aspa a917.29 bS211g, 19692221 aSánchez, María Teresa deeautora4aut.10aGeografía patria :bbreve desarrollo del programa oficial, tercer curso - educación secundaria. /cMaría Teresa de Sánchez. aPrimera edición 1aSanto Domingo :bEditora Nuevo mundo,c1969. a109 páginas ;c21 cm. atextosbtxt2rdacontent asin mediaciónbn2rdamedia avolumenbnc2rdacarrier aBibliografía : p. 108- 1090 tLa isla de Santo Domingo y la República Dominicana: situación, dimensiones y extensión. Estructura geológica de la República Dominicana --tDivisión de la isla de Santo Domingo. Origen histórico de nuestros límites con Haití. División política de la República Dominicana: provincias, municipios, distritos municipales y secciones. El Distrito Nacional y la Ciudad de Santo Domingo de Guzmán, capital de la República Dominicana. Principales ciudades de la República. Dominicanización fronteriza -- tLa población dominicana: grupos étnicos que la componen, costumbres, idioma, religión, etc. Migración campesina a la ciudad. Forma de agruparse y distribuirse. Zonas de densidad poblacional, datos estadísticos: censos nacionales y estimados periódicos de la Oficina Nacional de Estadística --tClasificación de nuestras costas. Características de las costas dominicanas. La fosa de Milwaukee. Principales accidentes costeros: islas adyacentes, bahías y puertos, cabos y puntas más importantes, penínsulas. El mar territorial, zona contigua y la plataforma continental -- tEl relieve del suelo dominicano. Principales sistemas orográficos: cordillera Septentrional o sierra de Monte Cristi, Cordillera Central, sierra de Yamasá, cordillera Oriental o sierra del Seibo, sierra de Samaná, y los Macizos del Sur: sierra de Neyba y sierra de Bahoruco. Valles y llanuras más importantes. Llanos del interior o de la cordillera Central. Llanos del Norte o del litoral Atlántico, y llanos del sur o del mar Caribe -- tHidrografía dominicana: generalidades. Las cuatro grandes cuencas fluviales: cuenca de los ríos Yuna, Yaque del Norte, Artibonito y Yaque del Sur. Las vertientes hidrográficas. Vertientes del Atlántico, del Caribe y de Enriquillo. Saltos y cascadas. Lagos y lagunas. Aguas subterráneas y aguas minerales -- tGeneralidades sobre el clima dominicano. La temperatura y la presión atmosféricas. Isotermas e isobaras. Los vientos. Los alisios. El marero y el terral. El de valle y el de montaña. Los ciclones o huracanes. Las lluvias: sus causas en la República Dominicana -- tLa flora dominicana: características generales y especies más importantes. La floresta dominicana: problema y solución. La fauna dominicana -- tLas regiones naturales de la República Dominicana. La región Norte o Cibao y sus comarcas: la Línea Noroeste, el Valle de la Vega Real, la Costa Atlántica, la Península de Samaná y los Haitises. La región Sur y sus comarcas: El Valle de San Juan, Hoya de Enriquillo, Macizo del Bahoruco y llano Meridional Costero. La región Este -- tLa economía dominicana. Generalidades. Los recursos naturales y su aprovechamiento. La producción de energía eléctrica. Plantas e instalaciones hidroeléctricas. Los complejos de Tavera y Valdesia. La producción agrícola. Aprovechamiento forestal, Avicultura y Apicultura. Explotación de nuestra riqueza minera. Principales industrias dominicanas. El turismo -- tEl comercio exterior: exportación e importación. Principales productos de exportación. Comercio de importación. Artículos y países de procedencia. Datos estadísticos. Las comunicaciones: transporte de personas y productos, comunicaciones postales y eléctricas -- tLa república de Haití: generalidades. La economía haitiana: recursos naturales, producción y comercio. División política. Haití y la República Dominicana -- tBibliografía / 7aPoblación 7aGeografía política-República Dominicana aAntillas (islas)xDescripciones